Yerma

Shranjeno v:
Bibliografske podrobnosti
Glavni avtor: García Lorca, Federico (autor)
Format: Knjiga
Jezik:španščina
Izdano: Santiago Cergnar 1985
Teme:
Oznake: Označite
Brez oznak, prvi označite!

MARC

LEADER 00000nam a2200000 a 4500
001 UCH6730
003 CL-VaPUC
008 091109e19850000CL |||||||||||||||||spa|d
082 0 4 |a 862  |b GAR  |2 21 
100 |a García Lorca, Federico   |e autor   |9 315690 
245 1 0 |a Yerma 
300 |a 111 p 
942 |c BK 
945 |d 20091109 00:00:00  |a lazolas 
260 |a Santiago  |b Cergnar  |c 1985 
650 0 |a Teatro español  |9 265077 
583 |a last modification  |c 20091109 00:00:00  |k Rodrigo Vera 
999 |c 337562  |d 337560